[Event "Let's Play Chess!"]
[Site "http://www.queenalice.com/game.php?id=1086273"]
[Date "2012.7.24"]
[Round "-"]
[White "valdemiza"]
[Black "Vonrunstedt"]
[Result "0-1"]
[WhiteElo "1512"]
[BlackElo "1895"]

1. e4 e5 2. Bc4 Nc6 3. Nf3 Nd4 4. O-O Nxf3+ 5. Qxf3 Nf6 6. Nc3 Be7 7. Nd5 Nxd5
8. Bxd5 O-O 9. d3 c6 10. Bc4 b5 11. Bb3 a5 12. Qg3 Bh4 13. Qg4 d6 14. Qf3 Qe7
15. g3 Bg5 16. Kh1 Kh8 17. Qh5 Bxc1 18. Raxc1 f5 19. Rce1 a4 20. Rg1 axb3 21.
cxb3 fxe4 22. Rxe4 Rf5 23. Qe2 Qf6 24. a3 c5 25. Rg2 Bb7 26. g4 Bxe4 27. dxe4
Rf4 28. Qxb5 Rxf2 29. Qd3 Rf8 30. Qe3 Rf1+ 31. Rg1 Rxg1+ 32. Qxg1 Qf3+ 33. Qg2
Qd1+ 34. Qg1 Rf1 35. Kg2 Rxg1+ 36. Kh3 Qxg4# 0-1

[Event "Challenge"]
[Site "http://www.queenalice.com/game.php?id=1088261"]
[Date "2012.7.28"]
[Round "-"]
[White "plot24"]
[Black "Vonrunstedt"]
[Result "0-1"]
[WhiteElo "1714"]
[BlackElo "1886"]

1. d4 Nf6 2. c4 e6 3. Nc3 b6 4. Nf3 Bb7 5. e3 Bb4 6. Bd2 Bxc3 7. Bxc3 O-O 8. Be2
d5 9. Qc2 Nbd7 10. O-O-O c5 11. Kb1 Ne4 12. dxc5 Nxf2 13. h4 Nxh1 14. Bxg7 Kxg7
15. Ng5 Nf6 16. Rxh1 Ne4 17. Bf3 Rh8 0-1

[Event "Challenge"]
[Site "http://www.queenalice.com/game.php?id=1095329"]
[Date "2012.8.21"]
[Round "-"]
[White "Vonrunstedt"]
[Black "Nahid"]
[Result "0-1"]
[WhiteElo "1897"]
[BlackElo "1973"]

1. e4 c5 2. Nf3 d6 3. d4 cxd4 4. Nxd4 Nf6 5. Nc3 a6 6. Bg5 e5 7. Nb3 Be7 8. Be2
Be6 9. O-O b5 10. a3 Nbd7 11. f4 Rc8 12. Kh1 Bc4 0-1

[Event "Challenge"]
[Site "http://www.queenalice.com/game.php?id=1103477"]
[Date "2012.9.16"]
[Round "-"]
[White "Vonrunstedt"]
[Black "yasseryack"]
[Result "1-0"]
[WhiteElo "1884"]
[BlackElo "1835"]

1. e4 c5 2. d4 e6 3. Nf3 d6 4. dxc5 Qa5+ 5. Nc3 Nf6 6. cxd6 Nxe4 7. Bd2 Bxd6 8.
Nxe4 Qb6 9. Nxd6+ Qxd6 10. a3 O-O 11. Bd3 e5 12. Bb4 Qh6 13. Bxf8 Kxf8 14. Qe2
f6 15. Qd2 Qxd2+ 16. Nxd2 Nc6 17. Bxh7 Be6 18. O-O-O Rc8 19. Nf3 Bg4 20. Rd2
Bxf3 21. gxf3 Nd4 22. Kb1 Nxf3 23. Rd7 Nd4 24. Rxb7 a5 25. c3 Nc6 26. Rd1 Nb8
27. Bf5 Re8 28. Rd5 a4 29. Rc5 Rd8 30. Rcc7 Na6 31. Rxg7 Nc5 32. Rbf7+ Ke8 33.
Bg6 Ne6 34. Rg8+ 1-0

[Event "Challenge"]
[Site "http://www.queenalice.com/game.php?id=1141435"]
[Date "2013.1.16"]
[Round "-"]
[White "Vonrunstedt"]
[Black "chessguy"]
[Result "0-1"]
[WhiteElo "1890"]
[BlackElo "1960"]

1. e4 Nc6 2. Nc3 e6 3. d4 b6 4. Nf3 Bb7 5. a3 Nf6 6. Bg5 h6 7. Bh4 g5 8. Bg3 h5
9. Nxg5 Ng4 10. Bh4 Be7 11. Nxf7 Kxf7 12. Bxe7 Qxe7 13. h3 Nxf2 14. Kxf2 Kg6 15.
Be2 Rhf8+ 16. Bf3 Qh4+ 17. Kg1 Ne7 18. Qd3 Kg7 19. Kh2 Ng6 20. Rhf1 Nf4 21. Qd2
Rf7 22. d5 e5 23. Rad1 d6 24. Qf2 Qg5 25. Qd2 Qh4 26. Ne2 Raf8 27. Nxf4 exf4 28.
Qe2 Bc8 29. Bxh5 Qg3+ 30. Kh1 Rf6 31. Qc4 Bxh3 32. Qe2 Qh4 33. gxh3 Qxh3+ 34.
Qh2 Qxh2+ 35. Kxh2 Rh6 36. Rg1+ Kf6 37. Rg6+ Rxg6 38. Bxg6 Kxg6 39. Kg2 Kg5 40.
Rf1 Kg4 41. Kf2 f3 42. Re1 Re8 43. Re3 Rf8 44. c4 Rf4 45. b3 Kg5 46. Rxf3 Rf6
0-1

[Event "Challenge"]
[Site "http://www.queenalice.com/game.php?id=1152346"]
[Date "2013.2.15"]
[Round "-"]
[White "Vonrunstedt"]
[Black "Pipa1957"]
[Result "0-1"]
[WhiteElo "1899"]
[BlackElo "2062"]

1. e4 e6 2. d4 d5 3. exd5 exd5 4. Bd3 Bd6 5. Ne2 Ne7 6. Nbc3 a6 7. Bg5 h6 8. Bh4
Be6 9. O-O Nbc6 10. a3 Qd7 11. f4 O-O 12. Ng3 Ng6 13. f5 Nxh4 14. fxe6 fxe6 15.
Qg4 Bxg3 16. hxg3 Nf5 17. Rae1 Ncxd4 18. Ne2 Nxe2+ 19. Rxe2 Rf6 20. Ref2 Ne3 21.
Qh5 Nxf1 22. Rxf1 Rxf1+ 23. Kxf1 Qf7+ 24. Qxf7+ Kxf7 25. Kf2 Rf8 26. Kg1 Ke7 27.
g4 e5 28. Be2 e4 29. c3 Kd6 30. b3 c5 31. b4 cxb4 32. axb4 Rc8 0-1

[Event "OS INCLIVEIS"]
[Site "http://www.queenalice.com/game.php?id=1154191"]
[Date "2013.2.21"]
[Round "-"]
[White "adelio"]
[Black "Vonrunstedt"]
[Result "1/2-1/2"]
[WhiteElo "1764"]
[BlackElo "1905"]

1. d4 Nf6 2. c4 e5 3. a3 e4 4. Bg5 Be7 5. Bxf6 Bxf6 6. Nc3 c5 7. e3 cxd4 8. exd4
d6 9. Nxe4 Nc6 10. Qe2 O-O 11. Nxf6+ Qxf6 12. Nf3 Bd7 13. Qd3 Rfe8+ 14. Be2 Bg4
15. O-O Rab8 16. Rae1 Re7 17. d5 Ne5 18. Nxe5 Bxe2 19. Rxe2 Rxe5 20. Rxe5 Qxe5
21. Qd2 Re8 22. b4 Qe2 23. Qc1 Kf8 24. g3 b6 25. h4 Re4 26. c5 Rc4 27. Qa1 bxc5
28. bxc5 Rxc5 29. Qb1 Rb5 30. Qxh7 Qe5 31. Rc1 Rxd5 32. Qh8+ Ke7 33. Rc7+ Kf6
34. Qd8+ Kg6 35. Qg5+ Qxg5 36. hxg5 a5 37. Ra7 Rxg5 38. Kg2 Kf6 39. f4 Rd5 40.
Kh3 Kg6 41. Kh4 f5 42. g4 fxg4 43. Kxg4 Kf6 44. Ra8 g6 45. Rf8+ Kg7 46. Ra8 Kh7
47. Rd8 Kh6 48. a4 Kg7 49. Ra8 Kf6 50. Rf8+ Kg7 51. Ra8 Kf6 52. Rf8+ Kg7 1/2-1/2

[Event "Challenge"]
[Site "http://www.queenalice.com/game.php?id=1154879"]
[Date "2013.2.23"]
[Round "-"]
[White "Vonrunstedt"]
[Black "koutouzov"]
[Result "0-1"]
[WhiteElo "1839"]
[BlackElo "2037"]

1. e4 e5 2. f4 d6 3. Nf3 Nc6 4. Bc4 h6 5. O-O Nf6 6. d3 Be7 7. f5 Na5 8. Nc3
Nxc4 9. dxc4 c6 10. Qe2 Qb6+ 11. Kh1 O-O 12. h3 Nh5 13. Kh2 Bd7 14. Rb1 Nf4 15.
Bxf4 exf4 16. e5 Bxf5 17. Ne4 Bxe4 18. Qxe4 g5 19. exd6 Bxd6 20. b4 Qc7 21. Qf5
Rfe8 22. c5 Be5 23. Rbd1 Re7 24. Rfe1 Rae8 25. Qd3 Qc8 0-1

[Event "2ª Simultanea-mesa 7"]
[Site "http://www.queenalice.com/game.php?id=1166776"]
[Date "2013.3.31"]
[Round "-"]
[White "Herbert_Paulo"]
[Black "Vonrunstedt"]
[Result "1-0"]
[WhiteElo "1841"]
[BlackElo "1877"]

1. e4 e5 2. Nf3 Nc6 3. Bb5 a6 4. Be2 d6 5. d4 exd4 6. Nxd4 Nf6 7. Nc3 Be7 8. O-O
O-O 9. Be3 Bd7 10. Nf5 Bxf5 11. exf5 Ne5 12. Nd5 Nxd5 13. Qxd5 c6 14. Qd1 Qd7
15. Bd3 d5 16. Re1 Qd8 17. Bf1 Bf6 18. Bd4 Qc7 19. c3 Rfe8 20. Qe2 c5 21. Be3 h6
22. Red1 Rad8 23. Rd2 d4 24. cxd4 cxd4 25. Bxd4 Nc4 26. Qxc4 Qxc4 27. Bxc4 Rxd4
28. Rxd4 Bxd4 29. Rd1 Bxb2 30. Rb1 b5 31. Bd3 Rd8 32. Be4 Rd2 33. Kf1 Bd4 34.
Rc1 Rxf2+ 35. Ke1 f6 36. Rc6 Rxa2 37. Bd5+ Kf8 38. Bxa2 a5 39. Rc7 a4 40. Rf7+
Ke8 41. Rxg7 b4 42. Kd2 Bc3+ 43. Kd3 Be1 44. Kc4 b3 45. Bxb3 axb3 46. Kxb3 Bd2
47. Kc4 Bg5 48. Kd5 Kf8 49. Rb7 Ke8 50. Ke6 Kd8 51. Rg7 Ke8 52. Rg8# 1-0

[Event "Challenge"]
[Site "http://www.queenalice.com/game.php?id=1190088"]
[Date "2013.6.11"]
[Round "-"]
[White "Vonrunstedt"]
[Black "Knightgirl"]
[Result "1-0"]
[WhiteElo "1845"]
[BlackElo "1766"]

1. e4 e5 2. f4 exf4 3. Nf3 Nf6 4. e5 Nd5 5. Bc4 Nb6 6. Bb3 d6 7. h3 dxe5 8. O-O
Bc5+ 9. Kh1 Nc6 10. d3 Nd4 11. Bxf7+ Kxf7 12. Nxe5+ Kg8 13. Qh5 Nf5 14. Qf7# 1-0

[Event "OS INCLIVEIS"]
[Site "http://www.queenalice.com/game.php?id=1190946"]
[Date "2013.6.14"]
[Round "-"]
[White "adelio"]
[Black "Vonrunstedt"]
[Result "1-0"]
[WhiteElo "1784"]
[BlackElo "1858"]

1. b4 e5 2. b5 d6 3. e4 Nf6 4. f3 Be7 5. h4 c6 6. Bb2 cxb5 7. Bxb5+ Bd7 8. a4
Nc6 9. Qe2 O-O 10. h5 Nb4 11. Na3 Nc6 12. g4 Qb6 13. g5 Ne8 14. h6 g6 15. f4 a6
16. Nc4 Qa7 17. Bxc6 Bxc6 18. Nf3 d5 19. Ncxe5 dxe4 20. Nxc6 bxc6 21. Qxe4 Qd7
22. Ke2 Nc7 23. Ne5 Qd5 24. d3 Rfe8 25. Rag1 Qc5 26. c4 f6 27. Bd4 Qa3 28. gxf6
Bxf6 29. Rxg6+ Kh8 30. Nf7# 1-0

[Event "Challenge"]
[Site "http://www.queenalice.com/game.php?id=1323433"]
[Date "2014.11.21"]
[Round "-"]
[White "Vonrunstedt"]
[Black "Foliko"]
[Result "0-1"]
[WhiteElo "1831"]
[BlackElo "1895"]

1. e4 c6 2. d4 d5 3. Nc3 dxe4 4. Nxe4 Nf6 5. Nxf6+ gxf6 6. h3 Bf5 7. Nf3 e6 8.
Nh4 Bg6 9. Nxg6 hxg6 10. Be2 Qb6 11. c4 c5 12. d5 Nd7 13. O-O Bg7 14. Be3 Rd8
15. f4 O-O 16. dxe6 fxe6 17. Bd3 f5 18. Rb1 e5 19. Qe2 e4 20. Bc2 Bd4 21. Qf2
Nf6 22. Bxd4 cxd4 23. Qg3 Kg7 24. b4 d3+ 0-1

[Event "Challenge"]
[Site "http://www.queenalice.com/game.php?id=1327542"]
[Date "2014.12.11"]
[Round "-"]
[White "Vonrunstedt"]
[Black "Karjaking"]
[Result "1-0"]
[WhiteElo "1821"]
[BlackElo "1859"]

1. e4 e5 2. f4 d6 3. Nf3 exf4 4. Bc4 Nf6 5. d3 Bg4 6. O-O Nc6 7. c3 Ne5 8. Nbd2
Be7 9. Qb3 O-O 10. Ng5 h6 11. Ngf3 Nxf3+ 12. Nxf3 b6 13. Bxf4 Re8 14. Bxf7+ Kh7
15. Bxe8 Qxe8 16. h3 Bh5 17. Nd4 c5 18. Nf5 Qd7 19. Rae1 Re8 20. Nxe7 Qxe7 21.
e5 dxe5 22. Bxe5 Bf7 23. Qc2 Qxe5 24. Rxe5 Rxe5 25. d4+ Re4 26. Rxf6 gxf6 27.
Qxe4+ Kg7 28. dxc5 bxc5 29. Qb7 1-0

[Event "HugosPaynos"]
[Site "http://www.queenalice.com/game.php?id=1331319"]
[Date "2014.12.29"]
[Round "1"]
[White "Derik_vd_Heever"]
[Black "Vonrunstedt"]
[Result "1-0"]
[WhiteElo "1667"]
[BlackElo "1839"]

1. e4 c5 2. d3 e6 3. Nd2 Nc6 4. Ngf3 Qc7 5. g3 b6 6. Bg2 Bb7 7. O-O Nge7 8. b3
Ng6 9. Qe2 Be7 10. Bb2 O-O 11. Nc4 Rfe8 12. Ba3 Rad8 13. Rad1 d5 14. Ne3 d4 15.
Nc4 b5 16. Ncd2 f5 17. exf5 exf5 18. Qe6+ Kh8 19. Bh3 1-0

[Event "Challenge"]
[Site "http://www.queenalice.com/game.php?id=1331335"]
[Date "2014.12.29"]
[Round "-"]
[White "Vonrunstedt"]
[Black "armbar"]
[Result "1/2-1/2"]
[WhiteElo "1818"]
[BlackElo "1900"]

1. e4 e5 2. f4 d5 3. exd5 e4 4. d3 Nf6 5. dxe4 Bc5 6. Nf3 Nxe4 7. Qe2 Bf2+ 8.
Kd1 Qxd5+ 9. Nbd2 Bf5 10. c4 Qd6 11. Ng5 O-O 12. Nxe4 Bxe4 13. Qxe4 Nc6 14. a3
Rfe8 15. Qd5 Re1+ 16. Kc2 Nd4+ 17. Kb1 Qxf4 18. Ka2 Nc2 19. Rb1 c6 20. Qf3 Qe3
21. Nb3 Qb6 22. c5 Bxc5 23. Nxc5 Qxc5 24. Bd2 Nd4 25. Qf2 Rxb1 26. Kxb1 Qc2+ 27.
Ka2 Qb3+ 28. Kb1 Qc2+ 29. Ka2 Qb3+ 30. Kb1 1/2-1/2

[Event "Challenge"]
[Site "http://www.queenalice.com/game.php?id=1340620"]
[Date "2015.2.11"]
[Round "-"]
[White "Vonrunstedt"]
[Black "armin"]
[Result "0-1"]
[WhiteElo "1816"]
[BlackElo "1830"]

1. b4 Nf6 2. Bb2 d5 3. Nf3 Nc6 4. b5 Na5 5. e3 Bg4 6. d3 e6 7. Be2 Bb4+ 8. Nbd2
Qd7 9. Ne5 Bxe2 10. Qxe2 Qxb5 11. c3 Bd6 12. Nxf7 Kxf7 13. Rb1 Rhf8 14. O-O c5
15. c4 Qd7 16. f4 Kg8 17. cxd5 exd5 18. Qf3 Be7 19. e4 dxe4 20. Nxe4 Rad8 21.
Rbd1 Nc6 22. f5 Nd4 23. Qh3 Nxf5 24. Qxf5 Qxf5 25. Rxf5 Nxe4 26. Rxf8+ Bxf8 27.
d4 cxd4 28. Rxd4 Bc5 0-1

[Event "Challenge"]
[Site "http://www.queenalice.com/game.php?id=1340621"]
[Date "2015.2.11"]
[Round "-"]
[White "Vonrunstedt"]
[Black "FatFarter"]
[Result "1-0"]
[WhiteElo "1801"]
[BlackElo "1825"]

1. b4 e5 2. Bb2 e4 3. e3 Nf6 4. b5 d5 5. c4 Bc5 6. d3 exd3 7. Bxd3 Be6 8. cxd5
Bxd5 9. Ne2 O-O 10. O-O Nbd7 11. Nd2 Bd6 12. Nc3 Be6 13. Nde4 Nxe4 14. Nxe4 Ne5
15. Bb1 Nc4 16. Bd4 Qe7 17. Qh5 f5 18. Ng5 h6 19. Nf3 Qf7 20. Qh4 Be7 21. Qg3
Bf6 22. Bd3 Nd6 23. Rfc1 Rac8 24. Bxf6 Qxf6 25. Ne5 Ne4 26. Bxe4 fxe4 27. f4
exf3 28. Nxf3 c6 29. Nd4 Bd5 30. bxc6 Bxc6 31. Rf1 Qg5 32. Qh3 Rxf1+ 33. Rxf1
Re8 34. Nxc6 bxc6 35. Rf3 Rd8 36. Qe6+ Kh7 37. Qxc6 Rd1+ 38. Kf2 Qh4+ 39. Rg3
Rd2+ 40. Ke1 Rd8 41. Qg6+ 1-0

[Event "Challenge"]
[Site "http://www.queenalice.com/game.php?id=1352771"]
[Date "2015.4.10"]
[Round "-"]
[White "Vonrunstedt"]
[Black "burt_loml"]
[Result "1-0"]
[WhiteElo "1818"]
[BlackElo "1798"]

1. e4 c5 2. d4 cxd4 3. c3 dxc3 4. Nxc3 e5 5. f4 Nc6 6. Nf3 d6 7. Bc4 Bg4 8. Be3
exf4 9. Bxf4 Nf6 10. O-O Bxf3 11. Rxf3 Ne5 12. Bxe5 dxe5 13. Qa4+ Nd7 14. Rd1 a6
15. Bxf7+ Ke7 16. Qb4+ 1-0